000 01013nam a2200241 a 4500
001 BRCA_523
005 20190320203039.0
008 830614s1983 nyua---###---#000-0#eng-#
020 _a0872730956
040 _aDLC
_cDLC
_dDLC
050 4 _aNK2003
_b.P54 1983
100 1 _aPierce, Donald C.
_91802
245 1 0 _aAmerican Interiors
_bNew England and the South : Period Rooms at the Brooklyn Museum
_cDonald C. Pierce and Hope Alswang.
260 _aBrooklyn, Nueva York
_bThe Brooklyn Museum, Division of Publications and Marketing Services
_c1983
300 _a64 p.
_bil. (algunas a color)
_c28 cm.
610 2 4 _aBrooklyn Museum of Art (Nueva York)
_vSalas ambientadas
_91803
650 1 4 _aDecoración de interiores
_ySiglo XVIII
_zNueva Inglaterra
_91804
650 1 4 _aArquitectura interior
_zNueva Inglaterra
_91805
650 1 4 _aDecoración de interiores
_ySiglo XVIII
_zEstados Meridionales
_91806
650 1 4 _aArquitectura interior
_zEstados Meridionales
_91807
700 1 _aAlswang, Hope
_91808
942 _2lcc
_cB
999 _c455
_d455